[Event "Wch U14"]
[Site "Montevideo"]
[Date "2017.09.25"]
[Round "10"]
[White "Makarczyk, David"]
[Black "Lim, Christopher"]
[Result "0-1"]
[WhiteElo "1385"]
[BlackElo "1689"]
[PlyCount "76"]
[EventDate "2017.09.17"]
[EventType "swiss"]
[EventRounds "11"]
[EventCountry "URU"]
[SourceTitle "EXT 2018"]
[Source "ChessBase"]
[SourceDate "2017.10.13"]
[SourceVersion "1"]
[SourceVersionDate "2017.10.13"]
[SourceQuality "1"]

1. e4 e6 2. d4 d5 3. Nd2 Nf6 4. e5 Nfd7 5. Bd3 c5 6. c3 Nc6 7. Ne2 cxd4 8. cxd4 f6 9. exf6 Nxf6 10. 0-0 Bd6 11. Nf3 Qc7 12. h3 0-0 13. Be3 Bd7 14. a3 a6 15. b4 Kh8 16. Re1 b5 17. Rc1 Rae8 18. Bb1 a5 19. Bd2 Qd8 20. Qb3 Qe7 21. Nc3 axb4 22. Nxb5 bxa3 23. Nxd6 Qxd6 24. Re3 Ra8 25. Qa2 Rfb8 26. Rb3 Rxb3 27. Qxb3 Rb8 28. Qa2 Rb2 29. Qa1 Nxd4 30. Nxd4 Rxd2 31. Nc2 Qf4 32. Rf1 Bb5 33. Qxa3 Ng8 34. g3 Qf7 35. Qe3 Bxf1 36. Qxd2 Bxh3 37. Nd4 e5 38. Ne2 Qf3 0-1

[Event "Begonia op 51st"]
[Site "Ballarat"]
[Date "2017.03.11"]
[Round "1"]
[White "Lim, Christopher"]
[Black "Morris, James"]
[Result "0-1"]
[WhiteElo "1443"]
[BlackElo "2328"]
[PlyCount "84"]
[EventDate "2017.03.11"]
[EventType "swiss"]
[EventRounds "7"]
[EventCountry "AUS"]
[SourceTitle "CBM 177 Extra"]
[Source "ChessBase"]
[SourceDate "2017.04.27"]
[SourceVersion "1"]
[SourceVersionDate "2017.04.27"]
[SourceQuality "1"]

1. d4 Nf6 2. c4 c5 3. d5 b5 4. Qc2 bxc4 5. e4 d6 6. Bxc4 g6 7. Nc3 Bg7 8. h3 0-0 9. Nf3 a5 10. 0-0 Nfd7 11. Na4 Nb6 12. Nxb6 Qxb6 13. Rb1 a4 14. a3 Bd7 15. Bd2 Na6 16. Bc3 f6 17. Qd3 Nc7 18. Rfe1 Rfb8 19. Qc2 Bb5 20. Bd3 Qa6 21. Be2 Bxe2 22. Qxe2 Qxe2 23. Rxe2 Nb5 24. Rc1 Nxc3 25. Rxc3 f5 26. e5 dxe5 27. Nxe5 Rxb2 28. Rxb2 Bxe5 29. Rbc2 Bxc3 30. Rxc3 Ra5 31. Rc4 Kf7 32. f4 Ke8 33. Kf2 Kd7 34. Rc3 Kd6 35. Rd3 c4 36. Rd4 c3 37. Rd1 c2 38. Rc1 Rc5 39. Ke2 Kxd5 40. Kd2 Ke4 41. Re1+ Kxf4 42. Kc1 e5 0-1

[Event "Oceania zt 3.6"]
[Site "Auckland"]
[Date "2017.01.19"]
[Round "8"]
[White "Lim, Christopher"]
[Black "Crossman, Tom"]
[Result "0-1"]
[WhiteElo "1691"]
[BlackElo "1945"]
[PlyCount "116"]
[EventDate "2017.01.14"]
[EventType "swiss"]
[EventRounds "9"]
[EventCountry "NZL"]
[SourceTitle "EXT 2018"]
[Source "ChessBase"]
[SourceDate "2017.10.13"]
[SourceVersion "1"]
[SourceVersionDate "2017.10.13"]
[SourceQuality "1"]

1. d4 Nf6 2. c4 c5 3. d5 b5 4. Qc2 b4 5. e4 d6 6. Bd3 g6 7. b3 Bg7 8. Bb2 0-0 9. Ne2 Ng4 10. Bxg7 Kxg7 11. Qb2+ Kg8 12. 0-0 e5 13. h3 Nh6 14. f4 exf4 15. Nxf4 Nd7 16. Nd2 Ne5 17. Nf3 f6 18. Qd2 Nhf7 19. Rae1 Bd7 20. Re3 a5 21. Nxe5 Nxe5 22. Rg3 Qe7 23. Be2 Kh8 24. Nd3 Rf7 25. Qf4 Re8 26. Kh1 g5 27. Qe3 Ng6 28. Bf3 Kg7 29. Qd2 Rff8 30. Qb2 Ne5 31. Bh5 Nxd3 32. Rxd3 Qxe4 33. Rdf3 Re5 34. Qf2 f5 35. Bg4 Kg6 36. h4 Qxg4 37. hxg5 Rfe8 38. Rg3 Qh4+ 39. Kg1 Qd4 40. Qxd4 cxd4 41. Rff3 Re1+ 42. Kh2 R8e3 43. Rf2 Rxg3 44. Kxg3 Re3+ 45. Kh2 Kxg5 46. Rd2 d3 47. Kg1 Kg4 48. Kf1 Kg3 49. Rd1 f4 50. Rd2 Bg4 51. c5 dxc5 52. d6 Be2+ 53. Kg1 Re6 54. d7 Rd6 55. Kh1 Rxd7 56. Kg1 Rd4 57. Kh1 c4 58. bxc4 Rxc4 0-1

[Event "Oceania zt 3.6"]
[Site "Auckland"]
[Date "2017.01.15"]
[Round "2"]
[White "Lim, Christopher"]
[Black "Hague, Ben"]
[Result "0-1"]
[WhiteElo "1691"]
[BlackElo "2333"]
[PlyCount "92"]
[EventDate "2017.01.14"]
[EventType "swiss"]
[EventRounds "9"]
[EventCountry "NZL"]
[SourceTitle "CBM 176 Extra"]
[Source "ChessBase"]
[SourceDate "2017.03.02"]
[SourceVersion "1"]
[SourceVersionDate "2017.03.02"]
[SourceQuality "1"]

1. d4 Nf6 2. c4 e6 3. Nc3 Bb4 4. e3 b6 5. Nge2 c5 6. a3 Ba5 7. Rb1 Qe7 8. Bd2 Bb7 9. Ng3 0-0 10. Bd3 Bxc3 11. Bxc3 d6 12. 0-0 Nbd7 13. Qc2 Rfd8 14. Rfd1 Rac8 15. b3 cxd4 16. exd4 d5 17. Bb4 Qe8 18. Re1 a5 19. Bd6 Nf8 20. Nf5 Ng6 21. Bg3 dxc4 22. bxc4 Qc6 23. Ne3 Rxd4 24. f3 Rcd8 25. Red1 Ba6 26. Bf2 R4d7 27. Nf1 Rb8 28. c5 Bxd3 29. Rxd3 Rxd3 30. Qxd3 b5 31. Qd4 Nd5 32. Rb2 h6 33. Qd2 Ne5 34. Ra2 b4 35. axb4 axb4 36. Ra1 b3 37. Rb1 Nc4 38. Qc1 Qa4 39. Qe1 b2 40. Bd4 Qc2 41. Qg3 e5 42. Bxe5 Nxe5 43. Qxe5 Qxb1 44. Qxb8+ Kh7 45. Qe5 Qc2 46. Nd2 Qd1+ 0-1

[Event "AUS-ch U10"]
[Site "Wahroonga"]
[Date "2014.01.12"]
[Round "4"]
[White "Odenthal, Aidan"]
[Black "Lim, Christopher"]
[Result "0-1"]
[WhiteElo "461"]
[BlackElo "1037"]
[PlyCount "80"]
[EventDate "2014.01.11"]
[EventType "swiss"]
[EventRounds "9"]
[EventCountry "AUS"]
[SourceTitle "EXT 2020"]
[Source "ChessBase"]
[SourceDate "2019.10.17"]
[SourceVersion "1"]
[SourceVersionDate "2019.10.17"]
[SourceQuality "1"]

1. d4 d5 2. g3 Nf6 3. Bg2 e6 4. Nc3 Bb4 5. Qd3 Nc6 6. a3 Ba5 7. b4 Bb6 8. Nf3 h6 9. 0-0 0-0 10. e4 dxe4 11. Nxe4 Nxe4 12. Qxe4 Nxd4 13. Nxd4 Qxd4 14. Qxd4 Bxd4 15. Rb1 c6 16. Bb2 Bxb2 17. Rxb2 e5 18. b5 c5 19. Re1 f6 20. b6 axb6 21. Rxb6 Rxa3 22. Bxb7 Bh3 23. Bd5+ Kh8 24. Bg2 Bxg2 25. Kxg2 Rc3 26. Rc1 Rd8 27. Rb3 Rc4 28. Rd3 Rxd3 29. cxd3 Rxc1 30. f4 exf4 31. gxf4 Rd1 32. Kf3 Rxd3+ 33. Ke4 Rd8 34. Kf5 c4 35. h4 c3 36. Kg6 c2 37. Kh5 c1Q 38. f5 Rf8 39. Kg6 Qe3 40. h5 Qg5# 0-1